Guess the Nation - Statistics

General Stats
  • This quiz has been taken 22 times
  • The average score is 8 of 10
Answers on the Map
Answers color-coded by a green-red scale on the quiz's map according to % correct below.
 
Answer Stats
Answer % Correct
Federal Republic of Germany
95%
Kingdom of Spain
95%
United States of America
95%
Federative Republic of Brazil
89%
Fifth (5ª) French Republic
89%
Democratic Republic of the Congo
84%
Portuguese Republic
84%
Republic of Angola
68%
Republic of the Congo
53%
Republic of Armenia
0%
No matching quizzes found
Score Distribution
Percent of People with Each Score
Percentile by Number Answered
Your Score History
You have not taken this quiz